Development trends of insurance regulation with a focus on the USA

Poistenie ako časť finančného systému a jeho regulácia. Porovnanie regulácie finančného systému USA pred krízou 2007. Reformy v USA po vypuknutí krízy a ich vplyv na sektor poisťovníctva. Vývoj regulácií poisťovníctva v USA.

Guardado en:
Detalles Bibliográficos
Autor principal: Petríková, Hana
Formato: Capítulo de libro
Lenguaje:inglés
Materias:
Etiquetas: Agregar Etiqueta
Sin Etiquetas, Sea el primero en etiquetar este registro!

MARC

LEADER 00000nla a2200000 4500
001 0197334
005 20240502073333.7
041 0 |a eng 
044 |a SK 
245 1 0 |a Development trends of insurance regulation with a focus on the USA  |c Hana Petríková 
520 |a Poistenie ako časť finančného systému a jeho regulácia. Porovnanie regulácie finančného systému USA pred krízou 2007. Reformy v USA po vypuknutí krízy a ich vplyv na sektor poisťovníctva. Vývoj regulácií poisťovníctva v USA. 
610 2 0 |a regulácia finančná 
610 2 0 |a trh poistný 
610 2 0 |a trh finančný 
610 2 0 |a kríza finančná 
610 2 0 |a reformy hospodárske 
100 1 |a Petríková, Hana